| 000 | 00913nam a2200277 a 4500 | ||
|---|---|---|---|
| 001 | 000022727 | ||
| 003 | OSt | ||
| 005 | 20200930021748.0 | ||
| 008 | 101116s1999 ve r 000 0 spa d | ||
| 020 | _a9800758992 | ||
| 040 |
_aDO-SdBNP _bspa _cBNPHU |
||
| 082 |
_aV863.44 _bS678a |
||
| 100 | 1 |
_aSocorro, Milagros _d1960- _946707 |
|
| 245 | 1 | 0 |
_aActos de salvajismo / _cMilagros Socorro. |
| 260 |
_aCaracas : _bDecanato del Núcleo de Sucre, _bUniversidad de Oriente, _c1999. |
||
| 300 |
_a103 p. ; _c22 cm. |
||
| 490 | 1 |
_aBienal literaria Literaria José Antonio Ramos Sucre ; _v12 ; |
|
| 586 | _aPremio Mención Cuento Noviembre, 1997. | ||
| 590 | _aInventariado, 2020/ YL | ||
| 650 | 4 |
_aNovela venezolana _93962 |
|
| 650 | 4 |
_aLiteratura venezolana _ySIGLO XX _99777 |
|
| 830 | 0 |
_aBienal literaria José Antonio Ramos Sucre _941850 _n12 |
|
| 910 | _aEn proceso | ||
| 942 |
_2ddc _cLF1 |
||
| 956 | _aYLOCKWARD | ||
| 999 |
_c22224 _d22224 |
||